1287 1764 1946 1819 1763 1930 1952 1435 1549 1702 1370 1797 1818 1079 1889 1601 1445 1829 1121 1479 1585 1017 1759 1058 1005 1380 1187 1338 1999 1298 1328 1062 1264 1164 1538 1270 1051 1659 1740 1117 1477 1121 1675 1669 1877 1560 1867 1978 1513 1517 1785 1173 1075 1646 1550 1561 1260 1691 1141 1608 1326 1222 1791 1323 1342 1354 1627 1963 1360 1517 1370 1937 1760 1566 1988 1919 1343 1507 1341 1437 1670 1809 1318 2000 1378 1589 1595 1379 1153 1256 1119 1456 1316 1596 1793 1339 1824 1761 1919 BCNSPRNW ULIB Ver.6.0+V

เปลี่ยนเป็นภาษาไทย

Change to English
 แสดงรายละเอียดบรรณานุกรม
  กลับหน้าหลัก

Brief Record : Get Marc (ISO 2709) : E-mail record : QR code < ปิดหน้าต่าง
LEADER : 00000nam 2200000uu 4500
001    13399111549
003     ULIB
008    110630s||||||||th 000 0 tha d
020    9743648887
020    9789743648885
050  4 BQ4570^bพ328ธ ล.2 2553
100 0  พระเทพปริยัติเมธี
245 10 ธรรมะอุทยาน เล่ม 2/^cพระเทพปริยัติเมธี
250    พิมพ์ครั้งที่ 1
260    นครสวรรค์ :^bไพศาลกร๊าฟฟิค,^c2553
300    218 หน้า
650  7 ธรรมะ
650  7 ความจริง^xแง่ศาสนา^xพุทธศาสนา
650  7 การดำเนินชีวิต
945    ^p150^l0^i027716
995    ทศพร
999 ^a ใช้งานได้ทุกระบบ
รายการนี้ยังไม่มีแท็ก
คุณยังไม่ได้ล็อกอิน คุณสามารถมีกิจกรรมร่วมกับเว็บไซต์ได้ แต่ต้องล็อกอินก่อน ::
  ล็อกอิน

รายการสื่อสารสนเทศ

ลำดับที่ ประเภท เลขเรียก/บาร์โค้ด สถานที่ สถานะ
- ไม่พบข้อมูล -

รายการใกล้เคียง
    หัวเรื่อง [ธรรมะ]
    หัวเรื่อง [การดำเนินชีวิต]

BibComment


ยังไม่เคยถูกคอมเมนท์

คอมเมนท์ทรัพยากรรายการนี้
  คอมเมนท์: ธรรมะอุทยาน เล่ม ..


 Copyright 2026. Bcnsprnw @Library